Guía de Tarragona / (Record no. 111045)

MARC details
000 -LEADER
campo de control de longitud fija 00584nam a2200169 i 4500
001 - NÚMERO DE CONTROL
campo de control 111045
003 - IDENTIFICADOR DE NÚMERO DE CONTROL
campo de control ES-MaACL
005 - FECHA Y HORA DE LA ÚLTIMA TRANSACCIÓN
campo de control 20230906185229.0
007 - CAMPO FIJO DE DESCRIPCIÓN FÍSICA--INFORMACIÓN GENERAL
campo de control de longitud fija t|
008 - DATOS DE LONGITUD FIJA--INFORMACIÓN GENERAL
campo de control de longitud fija 061121s1932 sp r ||||1| spa d
100 1# - ENTRADA PRINCIPAL--NOMBRE DE PERSONA
Nombre de persona Navascués y de Juan, Joaquín María de.
9 (RLIN) 85219
245 10 - MENCIÓN DEL TÍTULO
Título Guía de Tarragona /
Mención de responsabilidad, etc. por Joaquín María de Navascués y de Juan.
260 ## - PUBLICACIÓN, DISTRIBUCIÓN, ETC.
Lugar de publicación, distribución, etc. Madrid :
Nombre del editor, distribuidor, etc. Patronato Nacional de Turismo,
Fecha de publicación, distribución, etc. 1932 (
Fabricante Tall. Espasa-Calpe)
300 ## - DESCRIPCIÓN FÍSICA
Extensión 88 p., 1 plano pleg. 16 lam. :
Otras características físicas il. ;
Dimensiones 17 cm.
651 #4 - PUNTO DE ACCESO ADICIONAL DE MATERIA--NOMBRE GEOGRÁFICO
Nombre geográfico Tarragona-
Subdivisión de forma Guías turísticas.
9 (RLIN) 164151
852 ## - LOCALIZACIÓN
Ubicación ES-MaACL
Número de control de estantería A-1152
Holdings
Estatus retirado Estado de pérdida Estado de daño No para préstamo Biblioteca de origen Biblioteca actual Ubicación en estantería Fecha de adquisición Fuente de adquisición Total de préstamos Signatura topográfica completa Código de barras Visto por última vez Precio de reemplazo Tipo de ítem Koha
        Biblioteca del Ateneo de Madrid Biblioteca del Ateneo de Madrid Sala Pecera Planta 1 17/01/2008     A-1152 1115857 23/02/2023 23/02/2023 Libro impreso